000 00457nam a2200181Ia 4500
005 20250429113129.0
008 231217s9999 xx 000 0 und d
020 _a9781556158438
082 _a001.6424WIN BRO1;1 R
100 _aBrockschmidt, Kraig.
245 0 _aInside OLE
250 _a2nd ed.
260 _c1995
_bMicrosoft Press
_aUSA
300 _axxvii+1194
400 _aMicrosoft programming series
650 _aInside,OLE
942 _cAA
999 _c182600
_d182600